| 000 | 00350cam a22001337a 4500 | ||
|---|---|---|---|
| 008 | 180718b1965 xxu||||| |||| 00| 0 eng d | ||
| 082 | _aB1243x54 H95 | ||
| 100 | _aHusain, S. Abid | ||
| 245 |
_aDestiny of Indian Muslims _cby S. Abid Husain |
||
| 260 |
_aBombay _bAsia _c1965 |
||
| 300 | _a276p. | ||
| 500 | _aRs.25.00 | ||
| 650 | _aMohammedans in India | ||
| 999 |
_c368902 _d368902 |
||